00357pam a2200133 a 4500020000500000041000800005082001500013100001900028245008500047260003300132300000900165653002600174700002300200 c aeng a54.08bKRE aKreshkov, A P. aCourse of Analytical Chemistry Vol - 2 : Qualitative AnalysishTextual Documents aMoscowbMIR Publishersc1977 a420. aInstrumental Analysis aYaroslavtsev, A A.